<The> Response of higher education institutions to regional needs
Enregistré dans:
| Format: | Livre |
|---|---|
| Langue: | anglais |
| Publié: |
Paris
OECD
1999
|
| Collection: | Programme on institutional management in higher education
|
| Sujets: | |
| Tags: |
Pas de tags, Soyez le premier à ajouter un tag!
|
MARC
| LEADER | 00000nam a2200000 4500 | ||
|---|---|---|---|
| 001 | c122681 | ||
| 005 | 20221221084732.6 | ||
| 020 | |a 92-64-17143-6 | ||
| 041 | 0 | |a eng | |
| 044 | |a FR | ||
| 245 | 1 | 0 | |a <The> Response of higher education institutions to regional needs |
| 264 | 1 | |a Paris |b OECD |c 1999 | |
| 300 | |a 149 s. | ||
| 490 | 1 | |a Programme on institutional management in higher education | |
| 830 | 0 | |a Programme on institutional management in higher education | |
| 610 | 2 | 0 | |a vzdelanie vysokoškolské |
| 610 | 2 | 0 | |a potreby obyvateľstva |
| 610 | 2 | 0 | |a regióny |
| 610 | 2 | 0 | |a politika regionálna |
| 610 | 2 | 0 | |a štúdie prípadové |
| 610 | 2 | 0 | |a inštitúcia |
| 610 | 2 | 0 | |a študenti |
| 610 | 2 | 0 | |a manažment |
| 610 | 2 | 0 | |a školy vysoké |
| 610 | 2 | 0 | |a univerzity |
| 610 | 2 | 0 | |a porovnanie medzinárodné |
| 610 | 2 | 0 | |a programy študijné |
| 610 | 2 | 0 | |a OECD |